Matemática aplicada 1º Medio: texto para profesores

Gardado en:
Detalles Bibliográficos
Autor Principal: Riera Lira, Gonzalo (Author)
Formato: Libro
Idioma:Lingua castelá
Publicado: Santiago Zig-Zag 1999
Edición:1a. ed
Subjects:
Tags: Engadir etiqueta
Sen Etiquetas, Sexa o primeiro en etiquetar este rexistro!

MARC

LEADER 00000nam a2200000 a 4500
001 UCI7802
003 CL-VaPUC
008 080725e19990000CL |||||||||||||||||spa|d
020 |a 9561212889 
082 0 4 |a 510.712  |b RIE  |2 21 
100 0 |a Riera Lira, Gonzalo  |e author  |9 531097 
245 1 0 |a Matemática aplicada 1º Medio: texto para profesores 
250 |a 1a. ed 
300 |a 320 p 
942 |c BK 
945 |d 20080725 00:00:00  |a rbrito 
260 |a Santiago  |b Zig-Zag  |c 1999 
650 0 |a Matemáticas  |x Enseñanza  |9 875527 
650 0 |a Matemática  |9 260235 
650 0 |a Libros de texto  |9 270019 
583 |a last modification  |c 20170821 03:49:50  |k Rodrigo Vera 
999 |c 330947  |d 330945 
952 |0 0  |1 0  |4 0  |6 510_712000000000000_RIE_1999  |7 0  |8 A  |9 416934  |a BIBMAT  |b BIBMAT  |c E_DIDACT  |d 2019-11-22  |i 4465601  |o 510.712 RIE 1999  |p 4465601  |r 2025-01-07  |w 2019-11-22  |y BK  |k MAT 
952 |0 0  |1 0  |4 0  |6 510_712000000000000_RIE_1999  |7 0  |8 A  |9 416935  |a BIBMAT  |b BIBMAT  |c E_DIDACT  |d 2019-11-22  |i 446561K  |o 510.712 RIE 1999  |p 446561K  |r 2025-01-07  |w 2019-11-22  |y BK  |k MAT